| 000 | 005110000a22001690004500 | ||
|---|---|---|---|
| 003 | LSTLib | ||
| 041 | _aeng | ||
| 082 |
_a347.6 _bCAS |
||
| 245 |
_aCasenote legal briefs family law _badaptable to courses utilizing clark's casebook on domestic relations |
||
| 250 | _a1 | ||
| 260 |
_aBeverly Hills _bCasenotes Publishing Co. _c1977 |
||
| 300 | _a108 | ||
| 650 |
_aFamily Law _91553 |
||
| 700 |
_aGoldenberg, Norman S. _eed _92006 |
||
| 700 |
_aTenen, Peter _eed _92007 |
||
| 942 |
_cTB _k347.6 _mCAS |
||
| 999 |
_c4024 _d4024 |
||